000 00435nam a22001457a 4500
005 20150826105752.0
008 150826b xxu||||| |||| 00| 0 eng d
040 _cPK-LaUMT
082 _aKHC 305.697105414
_bMOH-B
100 _aMohsin Ali
245 _aThe bengali muslim
_bplight before freedom progress after freedom peril to freedom
_cMohsin Ali
260 _aKarachi
_bPakistan publications
_c1971
300 _a104 p.
942 _cBK
999 _c75001
_d75001